Autonómny priemyselný dron

Guardado en:
Detalles Bibliográficos
Autor principal: Knap, Matúš (Autor)
Otros Autores: Lipková, Michala (Orientador)
Formato: Manuscrito Libro
Lenguaje:eslovaco
Publicado: Bratislava 2020
Materias:
Acceso en línea:http://is.stuba.sk/zp/portal_zp.pl?podrobnosti=139104
Etiquetas: Agregar Etiqueta
Sin Etiquetas, Sea el primero en etiquetar este registro!

MARC

LEADER 00000ntm a22000003a 4500
001 stuzp80124
003 SK-STU
005 20200811115856.5
007 ta
008 150427s2015----xo-----f-mn---000-0-slo-d
040 |a STU  |b slo 
041 0 |a slo 
100 1 |a Knap, Matúš  |u 059190  |4 aut  |U FAD Fakulta architektúry  |T FA Ústav dizajnu  |X 88154  |U A9190  |Y 400  |7 88154 
242 0 1 |a Autonomous Industrial Drone  |y eng 
245 1 0 |a Autonómny priemyselný dron 
260 |c 2020  |a Bratislava 
650 4 |a dron  |2 slo 
650 4 |a kvadrokoptéra  |2 slo 
650 4 |a autonómnosť  |2 slo 
650 4 |a priemysel  |2 slo 
650 4 |a drone  |2 eng 
650 4 |a industry  |2 eng 
650 4 |a quadcopter  |2 eng 
650 4 |a autonomy  |2 eng 
700 1 |a Lipková, Michala  |u 059190  |k Z1  |4 ths  |U FAD Fakulta architektúry  |T FA Ústav dizajnu  |X 15371  |U A9190  |Y 400  |7 A000015371 
856 4 |u http://is.stuba.sk/zp/portal_zp.pl?podrobnosti=139104  |u https://opac.crzp.sk/?fn=detailBiblioForm&sid=2C8AB4190B6536A9D6861E7B1CEB